Normal view
MARC view
Entry Nombre geográfico
001 - NÚMERO DE CONTROL
- campo de control: 89601
003 - IDENTIFICADOR DEL NÚMERO DE CONTROL
- campo de control: DO-SdBNP
005 - FECHA Y HORA DE LA ÚLTIMA TRANSACCIÓN
- campo de control: 20260515124942.0
008 - DATOS DE LONGITUD FIJA
- campo de control de longitud fija: 260515|| aza||aabn | a|a d
040 ## - FUENTE DE LA CATALOGACIÓN
- Centro catalogador/agencia de origen: DO-SdBNP
- Centro/agencia transcriptor: DO-SdBNP
151 ## - ENCABEZAMIENTO--NOMBRE GEOGRÁFICO
- Nombre geográfico: República Dominicana
- Subdivisión general: Historia
- Subdivisión cronológica: Guerra de la Restauración, 1863-1865
- Subdivisión general: Cronología
670 ## - FUENTE DE DATOS ENCONTRADOS
- Cita de la fuente: Work cat.: (DO-SdBNP)50988: Matos González, Ramiro, 1927- 80662, Cronología militar de la Restauración /, 2021.
